A brief guide to occupiers' legal liability in Scotland (Record no. 109564)

MARC details
000 -LEADER
fixed length control field 01900cad a22002895a 4500
001 - CONTROL NUMBER
control field E147461
008 - FIXED-LENGTH DATA ELEMENTS--GENERAL INFORMATION
fixed length control field 090513s2005 xxkao f 000 0 eng d
020 ## - INTERNATIONAL STANDARD BOOK NUMBER
International Standard Book Number 1853974358
035 ## - SYSTEM CONTROL NUMBER
System control number (Sirsi) u147461
041 0# - LANGUAGE CODE
Language code of text/sound track or separate title eng
050 04 - LIBRARY OF CONGRESS CALL NUMBER
Classification number 338.78 $2 18
110 2# - MAIN ENTRY--CORPORATE NAME
Corporate name or jurisdiction name as entry element Scottish Natural Heritage
9 (RLIN) 2794
245 02 - TITLE STATEMENT
Title A brief guide to occupiers' legal liability in Scotland
Remainder of title in relation to public outdoor access
Medium [electronic resource]
260 ## - PUBLICATION, DISTRIBUTION, ETC.
Place of publication, distribution, etc. Perth
Name of publisher, distributor, etc. SNH
Date of publication, distribution, etc. 2005
505 2# - FORMATTED CONTENTS NOTE
Formatted contents note Introduction -- Part one, statute law: Occupiers Liability (Scotland) Act 1960; Health and Safety at Work Act 1974; Animals (Scotland) Act 1987; Unfair Contract Terms Act 1977; Land Reform (Scotland) Act 2003 -- Part two, indicators from case law (note, case outcomes depend on the circumstances of each case): fencing of hazards; signs/notices on hazards/obvious hazards; inspections/appropriate systems/occupier's knowledge' children and risks; animals, livestock, stock-fencing; injury while using access rights; voluntary acceptance of risks; endnote -- General process of assessing liability -- References -- Sources of advice on managing risks
520 ## - SUMMARY, ETC.
Summary, etc. Offers guidance on occupiers' liability in Scotland relating to public outdoor access. The first section examines relevant legislation, and the second part looks at case law which is of interest in the context of outdoor access.
521 ## - TARGET AUDIENCE NOTE
Target audience note Introductory
650 24 - SUBJECT ADDED ENTRY--TOPICAL TERM
Topical term or geographic name entry element LAND REFORM (SCOTLAND) ACT 2003
650 24 - SUBJECT ADDED ENTRY--TOPICAL TERM
Topical term or geographic name entry element UNFAIR CONTRACT TERMS ACT 1977
650 24 - SUBJECT ADDED ENTRY--TOPICAL TERM
Topical term or geographic name entry element ANIMALS (SCOTLAND) ACT 1987
650 24 - SUBJECT ADDED ENTRY--TOPICAL TERM
Topical term or geographic name entry element HEALTH AND SAFETY AT WORK ETC ACT 1974
650 24 - SUBJECT ADDED ENTRY--TOPICAL TERM
Topical term or geographic name entry element OCCUPIERS` LIABILITY (SCOTLAND) ACT 1960
651 #4 - SUBJECT ADDED ENTRY--GEOGRAPHIC NAME
Geographic name Scotland
Chronological subdivision 1999-
690 ## - LOCAL SUBJECT ADDED ENTRY--TOPICAL TERM (OCLC, RLIN)
Topical term or geographic name as entry element ENVIRONMENTAL AND LAND CONSULTANCY
856 40 - ELECTRONIC LOCATION AND ACCESS
Uniform Resource Identifier <a href="https://www.snh.org.uk/pdfs/publications/heritagemanagement/occupiers.pdf">https://www.snh.org.uk/pdfs/publications/heritagemanagement/occupiers.pdf</a>
Public note View the guidance free of charge (pdf file) at www.snh.org.uk...
942 ## - ADDED ENTRY ELEMENTS (KOHA)
Suppress in OPAC 0
Holdings
Withdrawn status Lost status Source of classification or shelving scheme Damaged status Not for loan Home library Current library Shelving location Date acquired Total Checkouts Full call number Barcode Date last seen Copy number Price effective from Koha item type
    Dewey Decimal Classification     Virtual Virtual Online 13/05/2009   ONLINE PUBLICATION 147461-2001 06/08/2019 1 06/08/2019 Book